Elementary coordination chemistry
Guardat en:
| Autor principal: | |
|---|---|
| Format: | Llibre |
| Idioma: | anglès |
| Publicat: |
Upper Saddle River
Prentice Hall
1964
|
| Col·lecció: | Prentice Hall International Series in Chemistry
|
| Matèries: | |
| Etiquetes: |
Afegir etiqueta
Sense etiquetes, Sigues el primer a etiquetar aquest registre!
|
MARC
| LEADER | 00000nam a2200000 a 4500 | ||
|---|---|---|---|
| 001 | UCT5801 | ||
| 003 | CL-VaPUC | ||
| 008 | 961223e19640000us |||||||||||||||||eng|d | ||
| 082 | 0 | 4 | |a 546.8 |b JON |2 21 |
| 100 | 0 | |a Jones, Mark M |e author |9 375363 | |
| 245 | 1 | 0 | |a Elementary coordination chemistry |
| 300 | |a 473 p | ||
| 942 | |c BK | ||
| 945 | |d 19961223 00:00:00 |a nastorga | ||
| 260 | |a Upper Saddle River |b Prentice Hall |c 1964 | ||
| 650 | 7 | |a TABLA PERIODICA QUIMICA |2 CL-VaPUC |9 306894 | |
| 650 | 7 | |a ELEMENTOS QUIMICOS |2 CL-VaPUC |9 306895 | |
| 650 | 0 | |a Enlaces químicos |9 306789 | |
| 650 | 0 | |a Química |9 259896 | |
| 650 | 7 | |a NOMENCLATURA |2 CL-VaPUC |9 261911 | |
| 650 | 7 | |a NO METALES |2 CL-VaPUC |9 264154 | |
| 583 | |a last modification |c 20171205 01:12:52 |k Rodrigo Vera | ||
| 490 | 0 | |a Prentice Hall International Series in Chemistry | |
| 999 | |c 254610 |d 254608 | ||
| 952 | |0 0 |1 0 |4 0 |6 546_800000000000000_JON_1964 |7 0 |8 A |9 276413 |a BIBCUR |b BIBCUR |d 2019-11-19 |i 3260828 |o 546.8 JON 1964 |p 3260828 |r 2025-04-22 |w 2019-11-19 |y BK |k BCB | ||